LEADER 01012nam a2200253 i 4500 001 000000175707 003 CaOOAMICUS 005 20081114000000.0 008 081114s1921 gw u000 u ger u 013 $a153190 040 $aSeMil$bita 100 1 $aZauner, Adolf.$0(OLS)http://semarc/name/9099 245 10$aLautlehre und Wortelehre 1 /$cvon Adolf Zauner. 250 $a4., verbesserte Aufl. 260 $aBerlin ; Leipzig :$bDe Gruyter,$c1921. 300 $a160 p. ;$c16 cm. 490 0 $aSammlung Göschen ;$v128 773 0 $aZauner, Adolf$tRomanische Sprachwissenschaft.$dLeipzig : G. J. Göschen$kSammlung Göschen$g1$w()20285 830 0$aSammlung Göschen ;$v128.$0(OLS)http://semarc/title/26719 850 $aSeMil 852 $aSeMil$W1$xVenegono$y1$m1X II 273$j237887$B126529$CSeMilBibl$Z2$F137189 $81 961 $aRecupero: Altro 996 $6245$aLautlehre und Wortelehre 1$9(OLS)http://semarc/title/252042 996 $6260$aBerlin ; Leipzig :$bDe Gruyter$9(OLS)http://semarc/publisher/35263 LEADER 01092nam a2200217 i 4500 001 000000026967 003 CaOOAMICUS 005 20180830125447.0 008 180830s1926 it u000 u ita u 040 $aSeMil$bita 100 1 $aJugie, Martin .$0(OLS)http://semarc/name/90166 245 10$aTheologia dogmatica christianorum orientalium ab Ecclesia Catholic Dissidentium /$cauctore Martino Jugie. 260 $aParis :$bLetouzey et Ané,$c1926. 300 $a5 v. ;$c23 cm. 774 0 $tTheologiae Dogmaticae Graeco-Russorum.$gTomus1$w()48237 774 0 $tTheologiae Dogmaticae Graeco-Russorum expositio.$gTomus2$w()214157 774 0 $tTheologiae Dogmaticae Graeco-Russorum expositio.$gTomus3$w()214158 774 0 $tTheologiae Dogmaticae Graeco-Russorum expositio.$gTomus4$w()214159 774 0 $tDe Theologia Dogmatica Nestorianorum et Monophysitarum.$gTomus5$w()214160 996 $6245$aTheologia dogmatica christianorum orientalium ab Ecclesia Catholic Dissidentium$9(OLS)http://semarc/title/36450 996 $6260$aParis :$bLetouzey et Ané$9(OLS)http://semarc/publisher/29867